NHL Hat Tricks - 2023/24 - Statistics

General Stats
  • This quiz has been taken 235 times
    38 since last reset
  • The average score is 58 of 120
Answer Stats
Player Team Date Opponent Goals % Correct
Auston Matthews Toronto Maple Leafs 11/10/23 Montreal Canadiens 3
100%
Auston Matthews Toronto Maple Leafs 14/10/23 Minnesota Wild 3
100%
Auston Matthews Toronto Maple Leafs 04/11/23 Buffalo Sabres 3
100%
Auston Matthews Toronto Maple Leafs 18/01/24 Calgary Flames 3
100%
Auston Matthews Toronto Maple Leafs 15/02/24 Philadelphia Flyers 3
100%
Auston Matthews Toronto Maple Leafs 17/02/24 Anaheim Ducks 3
100%
Jack Hughes New Jersey Devils 16/12/23 Columbus Blue Jackets 3
91%
Nikita Kucherov Tampa Bay Lightning 23/01/24 Philadelphia Flyers 3
91%
Sebastian Aho Carolina Hurricanes 22/03/24 Washington Capitals 3
91%
Kirill Kaprizov Minnesota Wild 21/01/24 Carolina Hurricanes 3
88%
Kirill Kaprizov Minnesota Wild 19/02/24 Vancouver Canucks 3
88%
Kirill Kaprizov Minnesota Wild 03/03/24 San Jose Sharks 3
88%
Nathan MacKinnon Colorado Avalanche 21/12/23 Ottawa Senators 4
84%
Nathan MacKinnon Colorado Avalanche 24/01/24 Washington Capitals 4
84%
Nathan MacKinnon Colorado Avalanche 09/04/24 Minnesota WIld 3
84%
Steven Stamkos Tampa Bay Lightning 14/12/23 Edmonton Oilers 4
84%
Steven Stamkos Tampa Bay Lightning 09/04/24 Columbus Blue Jackets 3
84%
Artemi Panarin New York Rangers 03/12/23 San Jose Sharks 3
81%
Artemi Panarin New York Rangers 30/12/23 Tampa Bay Lightning 3
81%
Artemi Panarin New York Rangers 21/03/24 Boston Bruins 3
81%
David Pastrňák Boston Bruins 18/01/24 Colorado Avalanche 3
78%
David Pastrňák Boston Bruins 19/03/24 Ottawa Senators 3
78%
Kyle Connor Winnipeg Jets 09/11/23 Nashville Predators 3
78%
Mikko Rantanen Colorado Avalanche 19/03/24 St. Louis Blues 3
78%
Sidney Crosby Pittsburgh Penguins 14/11/23 Columbus Blue Jackets 3
78%
Zach Hyman Edmonton Oilers 11/11/23 Seattle Kraken 3
78%
Zach Hyman Edmonton Oilers 06/12/23 Carolina Hurricanes 3
78%
Zach Hyman Edmonton Oilers 06/01/24 Ottawa Senators 3
78%
Zach Hyman Edmonton Oilers 13/03/24 Washington Capitals 3
78%
Zach Hyman Edmonton Oilers 22/04/24 Los Angeles Kings 3
78%
Brady Tkachuk Ottawa Senators 13/02/24 Columbus Blue Jackets 3
75%
Brady Tkachuk Ottawa Senators 16/03/24 New York Islanders 3
75%
Elias Pettersson Vancouver Canucks 31/10/23 Nashville Predators 3
75%
Matthew Tkachuk Florida Panthers 09/01/24 St. Louis Blues 3
75%
Brad Marchand Boston Bruins 03/12/23 Columbus Blue Jackets 3
72%
Brayden Point Tampa Bay Lightning 04/11/23 Ottawa Senators 3
72%
Brayden Point Tampa Bay Lightning 24/11/23 Carolina Hurricanes 3
72%
Brayden Point Tampa Bay Lightning 14/03/24 New York Rangers 3
72%
J.T. Miller Vancouver Canucks 19/02/24 Minnesota Wild 3
72%
Mitch Marner Toronto Maple Leafs 30/11/23 Seattle Kraken 3
72%
Cale Makar Colorado Avalanche 06/03/24 Detroit Red Wings 3
69%
Jason Robertson Dallas Stars 27/05/24 Edmonton Oilers 3
69%
Alexander Nylander Columbus Blue Jackets 04/03/24 Vegas Golden Knights 3
66%
Evander Kane Edmonton Oilers 15/11/23 Seattle Kraken 3
66%
Evander Kane Edmonton Oilers 09/02/24 Anaheim Ducks 3
66%
Brock Boeser Vancouver Canucks 11/10/23 Edmonton Oilers 4
63%
Brock Boeser Vancouver Canucks 12/12/23 Tampa Bay Lightning 3
63%
Brock Boeser Vancouver Canucks 27/01/24 Columbus Blue Jackets 3
63%
Brock Boeser Vancouver Canucks 28/04/24 Nashville Predators 3
63%
Mark Scheifele Winnipeg Jets 19/03/24 New York Rangers 3
63%
Mark Stone Vegas Golden Knights 15/01/24 Nashville Predators 3
63%
Roope Hintz Dallas Stars 29/12/23 Chicago Blackhawks 3
63%
Filip Forsberg Nashville Predators 07/03/24 Buffalo Sabres 3
59%
Filip Forsberg Nashville Predators 12/04/24 Chicago Blackhawks 3
59%
Troy Terry Anaheim Ducks 01/11/23 Arizona Coyotes 3
56%
Joel Eriksson Ek Minnesota Wild 19/02/24 Vancouver Canucks 3
53%
Jordan Kyrou St. Louis Blues 11/01/24 New York Rangers 3
53%
Jordan Kyrou St. Louis Blues 23/03/24 Minnesota Wild 3
53%
Lucas Raymond Detroit Red Wings 11/04/24 Pittsburgh Penguins 3
53%
Sam Reinhart Florida Panthers 06/01/24 Colorado Avalanche 3
53%
Tage Thompson Buffalo Sabres 29/03/24 New Jersey Devils 4
53%
Andrei Svechnikov Carolina Hurricanes 28/12/23 Montreal Canadiens 3
50%
Chris Kreider New York Rangers 15/02/24 Montreal Canadiens 3
44%
Chris Kreider New York Rangers 16/05/24 Carolina Hurricanes 3
44%
Leo Carlsson Anaheim Ducks 10/11/23 Philadelphia Flyers 3
44%
Ryan O’Reilly Nashville Predators 04/11/23 Edmonton Oilers 3
44%
Alex DeBrincat Detroit Red Wings 22/10/23 Calgary Flames 3
41%
Jonathan Marchessault Vegas Golden Knights 02/11/23 Winnipeg Jets 3
41%
Jonathan Marchessault Vegas Golden Knights 26/01/24 New York Rangers 3
41%
Jonathan Marchessault Vegas Golden Knights 09/03/24 Detroit Red Wings 3
41%
Boone Jenner Columbus Blue Jackets 14/10/23 New York Rangers 3
38%
Charlie Coyle Boston Bruins 09/11/23 New York Islanders 3
38%
Tom Wilson Washington Capitals 30/11/23 Anaheim Ducks 3
38%
Wyatt Johnston Dallas Stars 05/03/24 San Jose Sharks 3
38%
Brayden Schenn St. Louis Blues 11/11/23 Colorado Avalanche 3
34%
Frank Vatrano Anaheim Ducks 15/10/23 Carolina Hurricanes 3
34%
Frank Vatrano Anaheim Ducks 28/10/23 Philadelphia Flyers 3
34%
Frank Vatrano Anaheim Ducks 18/04/24 Vegas Golden Knights 3
34%
Logan Cooley Arizona Coyotes 28/03/24 Nashville Predators 3
34%
Martin Nečas Carolina Hurricanes 08/02/24 Colorado Avalanche 3
34%
Timo Meier New Jersey Devils 07/03/24 St. Louis Blues 3
34%
Tomáš Hertl San Jose Sharks 05/12/23 New York Islanders 3
31%
Kirill Marchenko Columbus Blue Jackets 19/12/23 Buffalo Sabres 3
25%
T.J. Oshie Washington Capitals 18/01/24 St. Louis Blues 3
25%
Tyler Bertuzzi Toronto Maple Leafs 24/02/24 Colorado Avalanche 3
22%
Valeri Nichushkin Colorado Avalanche 28/04/24 Winnipeg Jets 3
22%
Jeff Skinner Buffalo Sabres 18/03/24 Seattle Kraken 3
19%
Ryan Hartman Minnesota WIld 24/10/23 Edmonton Oilers 3
19%
Sean Monahan Winnipeg Jets 19/02/24 Calgary Flames 3
19%
Teuvo Teräväinen Carolina Hurricanes 27/10/23 San Jose Sharks 3
19%
Pavel Buchnevich St. Louis Blues 11/11/23 Colorado Avalanche 3
16%
Pavel Buchnevich St. Louis Blues 22/02/24 New York Islanders 3
16%
Tyler Toffoli New Jersey Devils 24/10/23 Montreal Canadiens 3
16%
Tyler Toffoli New Jersey Devils 22/01/24 Vegas Golden Knights 3
16%
Alexis Lafreniere New York Rangers 30/03/24 Arizona Coyotes 3
13%
Andrei Kuzmenko Calgary Flames 12/04/24 Anaheim Ducks 3
13%
Juraj Slafkovský Montreal Canadiens 09/04/24 Philadelphia Flyers 3
13%
MacKenzie Weegar Calgary Flames 10/02/24 New York Islanders 3
13%
Nino Niederreiter Winnipeg Jets 04/11/23 Arizona Coyotes 3
13%
William Eklund San Jose Sharks 06/04/24 St. Louis Blues 3
13%
Yegor Sharangovich Calgary Flames 11/01/24 Arizona Coyotes 3
13%
Nick Bjugstad Arizona Coyotes 13/01/24 Minnesota Wild 3
9%
Phillip Danault Los Angeles Kings 03/03/24 New Jersey Devils 3
9%
Trevor Moore Los Angeles Kings 03/04/24 Seattle Kraken 3
9%
Adam Henrique Anaheim Ducks 17/12/23 New Jersey Devils 3
6%
Cole Sillinger Columbus Blue Jackets 06/01/24 Minnesota Wild 3
6%
Danton Heinen Boston Bruins 20/01/24 Montreal Canadiens 3
6%
Gabriel Vilardi Winnipeg Jets 04/04/24 Calgary Flames 3
6%
Logan O'Connor Colorado Avalanche 20/01/24 Philadelphia Flyers 3
6%
Mason Marchment Dallas Stars 31/12/23 Chicago Blackhawks 3
6%
Morgan Geekie Boston Bruins 29/02/24 Vegas Golden Knights 3
6%
Sonny Milano Washington Capitals 22/03/24 Carolina Hurricanes 3
6%
Bobby McMann Toronto Maple Leafs 13/02/24 St. Louis Blues 3
3%
Cody Glass Nashville Predators 02/03/24 Colorado Avalanche 3
3%
Jason Dickinson Chicago Blackhawks 24/11/23 Toronto Maple Leafs 3
3%
Kyle Palmieri New York Islanders 02/03/24 Boston Bruins 3
3%
Pius Suter Vancouver Canucks 24/01/24 St. Louis Blues 3
3%
Colin Blackwell Chicago Blackhawks 10/03/24 Arizona Coyotes 3
0%
Connor Dewar Minnesota Wild 30/11/23 Nashville Predators 3
0%
Michael Carcone Arizona Coyotes 30/10/23 Chicago Blackhawks 3
0%
No matching quizzes found
Score Distribution
Percent of People with Each Score
Percentile by Number Answered
Your Score History
You have not taken this quiz since the last reset